<?xml version="1.0" encoding="UTF-8"?>
<collection xmlns="http://www.loc.gov/MARC21/slim">
<record>
  <controlfield tag="001">124023</controlfield>
  <controlfield tag="005">20250612142454.0</controlfield>
  <datafield tag="024" ind1="7" ind2=" ">
    <subfield code="2">doi</subfield>
    <subfield code="a">10.20318/cian.2022.7359</subfield>
  </datafield>
  <datafield tag="024" ind1="8" ind2=" ">
    <subfield code="2">sideral</subfield>
    <subfield code="a">132623</subfield>
  </datafield>
  <datafield tag="037" ind1=" " ind2=" ">
    <subfield code="a">ART-2022-132623</subfield>
  </datafield>
  <datafield tag="041" ind1=" " ind2=" ">
    <subfield code="a">spa</subfield>
  </datafield>
  <datafield tag="100" ind1=" " ind2=" ">
    <subfield code="a">Calvo Romero, S.</subfield>
    <subfield code="0">(orcid)0000-0002-2790-7265</subfield>
  </datafield>
  <datafield tag="245" ind1=" " ind2=" ">
    <subfield code="a">Las aulas se vacían y las calles se llenan: las movilizaciones estudiantiles de 1972</subfield>
  </datafield>
  <datafield tag="260" ind1=" " ind2=" ">
    <subfield code="c">2022</subfield>
  </datafield>
  <datafield tag="506" ind1="0" ind2=" ">
    <subfield code="a">Access copy available to the general public</subfield>
    <subfield code="f">Unrestricted</subfield>
  </datafield>
  <datafield tag="520" ind1="3" ind2=" ">
    <subfield code="a">From   1965   the   Spanish   University  will  become  a  continuous  focus  of  opposition  to  the  regime  to  the  ancient  academic  structures.  Little  by  little  all  the  university districts will join the protests that, until then, monopolized Madrid and Barcelo-na.  One  of  the  moments  of  greatest  tension  and  open  confrontation  with  the  academic  and  government  authorities  will  be  1972.  Demonstrations,   academic   strikes,   strikes and  other  protest  actions  led  to  the  closure  of faculties and entire campuses, disciplinary proceedings, etc. The vindication-repression binomial  reached  in  1972  one  of  the  most  critical and important moments. A partir de 1965 la Universidad española se convertirá en un foco continúo de oposición al régimen a las vetustas estructuras académicas. Poco a poco todos los distritos universitarios se sumarán a las protestas que, hasta ese momento, monopolizaban, Madrid y Barcelona. Uno de los momentos de más tensión y de enfrentamiento abierto con las autoridades académicas y gubernamentales será 1972. Manifestaciones, paros académicos, huelgas y demás acciones contestatarias condujeron a cierres de facultades y campus enteros, expedientes sancionadores, etc. El binomio reivindicación-represión alcanzó en 1972 uno de los momentos más álgidos e importantes.</subfield>
  </datafield>
  <datafield tag="540" ind1=" " ind2=" ">
    <subfield code="9">info:eu-repo/semantics/openAccess</subfield>
    <subfield code="a">by-nc-nd</subfield>
    <subfield code="u">http://creativecommons.org/licenses/by-nc-nd/3.0/es/</subfield>
  </datafield>
  <datafield tag="592" ind1=" " ind2=" ">
    <subfield code="a">0.103</subfield>
    <subfield code="b">2022</subfield>
  </datafield>
  <datafield tag="593" ind1=" " ind2=" ">
    <subfield code="a">History</subfield>
    <subfield code="c">2022</subfield>
    <subfield code="d">Q4</subfield>
  </datafield>
  <datafield tag="593" ind1=" " ind2=" ">
    <subfield code="a">Education</subfield>
    <subfield code="c">2022</subfield>
    <subfield code="d">Q4</subfield>
  </datafield>
  <datafield tag="594" ind1=" " ind2=" ">
    <subfield code="a">0.3</subfield>
    <subfield code="b">2022</subfield>
  </datafield>
  <datafield tag="655" ind1=" " ind2="4">
    <subfield code="a">info:eu-repo/semantics/article</subfield>
    <subfield code="v">info:eu-repo/semantics/publishedVersion</subfield>
  </datafield>
  <datafield tag="700" ind1=" " ind2=" ">
    <subfield code="a">Lázaro Arnal, M.</subfield>
  </datafield>
  <datafield tag="773" ind1=" " ind2=" ">
    <subfield code="g">25, 2 (2022), 28-59</subfield>
    <subfield code="p">Cuad. Inst. Antonio Nebrija Estud. Univ.</subfield>
    <subfield code="t">CIAN-REVISTA DE HISTORIA DE LAS UNIVERSIDADES</subfield>
    <subfield code="x">1139-6628</subfield>
  </datafield>
  <datafield tag="856" ind1="4" ind2=" ">
    <subfield code="s">1834078</subfield>
    <subfield code="u">http://zaguan.unizar.es/record/124023/files/texto_completo.pdf</subfield>
    <subfield code="y">Versión publicada</subfield>
  </datafield>
  <datafield tag="856" ind1="4" ind2=" ">
    <subfield code="s">928651</subfield>
    <subfield code="u">http://zaguan.unizar.es/record/124023/files/texto_completo.jpg?subformat=icon</subfield>
    <subfield code="x">icon</subfield>
    <subfield code="y">Versión publicada</subfield>
  </datafield>
  <datafield tag="909" ind1="C" ind2="O">
    <subfield code="o">oai:zaguan.unizar.es:124023</subfield>
    <subfield code="p">articulos</subfield>
    <subfield code="p">driver</subfield>
  </datafield>
  <datafield tag="951" ind1=" " ind2=" ">
    <subfield code="a">2025-06-12-14:23:38</subfield>
  </datafield>
  <datafield tag="980" ind1=" " ind2=" ">
    <subfield code="a">ARTICLE</subfield>
  </datafield>
</record>
</collection>